000 00325nam a22001457a 4500
008 210427b ||||| |||| 00| 0 eng d
020 _a9781323872482
041 _aeng
080 _a336
082 _a336
100 _a56
101 _aFIN
245 _aFIN 343 Principles of Finance
_cSheridan Titman
942 _2udc
_cBK
999 _c56860
_d56860